Gaming Quiz

Random Gaming Quiz

Breath of Fire III Dragons Quiz Stats

Quiz not verified by Sporcle

Challenge
Share
Tweet
Embed
Score 0/12 Timer 04:00
0 Plays Today
Hint Dragon Types % Correct
I didn't know there would be puppies...Whelp
89.3%
This seems redundant...Dragon
86.7%
Heil!Kaiser
86.7%
Apparently dragons have tusks now.Mammoth
70.7%
Woland's mischievous kittyBehemoth
68%
Oddly enough, this state isn't one of the Golden DragonsWarrior
62.7%
I sure hope this quiz spreads like itWildfire
49.3%
Soldiers that followed at someone's HEELSMyrmidon
48%
Ryu has taken to cross-dressingTiamat
45.3%
African Dwarf DragonPygmy
44%
A fuel efficient dragon.Hybrid
44%
It looks like Porygon's 3rd cousin had it out for Steve IrwinTrygon
36%

You're not logged in!

Compare scores with friends on all Sporcle quizzes.
Sign Up with Email
OR
Log In

You Might Also Like...

Show Comments

Extras

Top Quizzes Today


Score Distribution

Your Account Isn't Verified!

In order to create a playlist on Sporcle, you need to verify the email address you used during registration. Go to your Sporcle Settings to finish the process.